000 00280nam a2200121Ia 4500
008 190216s9999||||xx |||||||||||||| ||und||
100 _aPillai R S N&Amp; Bagavathi
245 0 _aPractical Accounting
260 _bS Chand & Co
300 _a470
650 _aCommerce
942 _cBK
999 _c7410
_d7410